=LDR 00000nam 2200000 4500 =001 INLIS000000001052270 =005 20240822080207 =035 ##$$a 0010-0824000088 =007 ta =008 240822################a##########j###### =020 ##$$a 978-89-6329-580-0 =082 ##$$a 028.55 =084 ##$$a 028.55 HYU a =100 #$$a Hyuntae Kim =245 1#$$a Ayah dinosaurus itu kuat! /$c Hyuntae Kim; ilustrator, Changjun Lee =260 ##$$a Gyeonggi-do :$b Korea Tolstoi,$c 2008 =300 ##$$a 31 hlm. : $b ilus. ; $c 26 cm =650 #4$$a Bacaan kanak-kanak =700 #$$a Changjun Lee (ilustrator) =990 ##$$a 3202401651 =990 ##$$a 3202401651